000 00306nam a22001337a 4500
008 170727b xxu||||| |||| 00| 0 eng d
020 _a9781585032327
041 _aeng
080 _a004
100 _a31
101 _aSHK
245 _aRESIDENTIAL DESIGN USING AUTOCAD 2006
_cSTINE,D.J
942 _2udc
_cBK
999 _c21999
_d21999